Statistiques concernant Les plus grands succès de Louis de Funès

Cliquez ici pour prendre le quiz!

Statistiques générales

  • Ce quiz a été pris 6 508 fois
    (6 334 depuis la dernière actualisation)
  • Le résultat moyen est 5 sur 10

Statistiques - réponses

EntréesFilm% Correct
17 267 607La Grande Vadrouille
87%
7 809 334Le Gendarme de Saint-Tropez
75%
5 842 400L'Aile ou la Cuisse
70%
11 739 783Le Corniaud
58%
7 295 727Les Aventures de Rabbi Jacob
57%
5 562 576La Folie des grandeurs
46%
6 122 041Oscar
33%
6 828 626Le Gendarme se marie
27%
6 280 070Le Gendarme et les Extra-terrestres
23%
6 986 917Les Grandes Vacances
16%

Distribution des résultats

Percentile par nombre de réponses

% des personnes avec chaque résultat

Votre développement - résultats

Vous n’avez pas pris ce quiz depuis la dernière actualisation